000 02151nam0a2200325 4500
001 RU\NLR\BIBL_A\022561271
005 20260420045513.0
010 _a978-5-98550-694-5
_9100
021 _aRU
_bКН-П-25-022788
_9КН-П-25-2297
035 _a(NLR Aleph) 022561271
090 _a13674615
_c13674615
100 _a20250606d2024 u y0rusy50 ca
101 0 _arus
102 _aRU
105 _aa j 000yy
181 0 _ai3
_baxxe
182 0 _an
200 1 _aРазработка и реализация вариативного модуля ФРП учебного предмета "Труд (технология)" в 9 классе с учетом региональных особенностей Алтайского края
_eучебно-методическое пособие
_fО. Н. Горбатова, Г. В. Иванченко
_gМинистерство образования и науки Алтайского края, Краевое автономное учреждение дополнительного профессионального образования "Алтайский институт развития образования имени Адриана Митрофановича Топорова
203 _aТекст
_bвизуальный
_cнепосредственный
210 _aБарнаул
_cАИРО им. А. М. Топорова
_d2024
215 _a136, [1] с.
_cил., табл.
_d21
320 _aБиблиогр.: с. 42-43 (17 назв.), в тексте и в подстроч. примеч.
606 1 _aТехнология
_jУчебно-методические пособия
_xУчебные программы
_xСредняя школа
_yАлтайский край
_92673133
_3RU\NLR\AUTH\6601758652
686 1 _aЧ426.81-211я7
700 1 _aГорбатова
_bО. Н.
_cпреподаватель, география
_gОльга Николаевна
_9148864
_3RU\NLR\AUTH\770148900
701 1 _aИванченко
_bГ. В.
_gГеоргий Васильевич
942 _cBOOK
980 _aNB